000 008260000a22002650004500
003 LK-CoMWRAF
005 20231113100142.0
008 230817t2001 ||||| |||| 00| 0 eng d
020 _a1856498697
022 _a13910582
040 _aLK-CoMWRAF
_dLK-CoMWRAF
_eLK-CoMWRAF
041 _aeng
082 _a337
_bDIE
100 _aDierckxsens, Wim.
242 _aLĂ­mites de un capitalismo sin ciudadanĂ­a
245 _aThe Limits of Capitalism:
_bAn Approach to Globalization without Neoliberalism
260 _aColombo:
_bCentre for Society and Religion,
_c2001
300 _ax, 170 p. : ill. ; 23 cm.
_bBibliography and index included
650 _aINTERNATIONAL ECONOMIC RELATIONS
650 _aGlobalization
650 _aCapitalism
650 _aCommon good
700 _aHutchcroft, Jayne
_etrans.
942 _cBK
999 _c343
_d343